000 00696nam a2200181Ia 4500
003 GCL
008 140319s9999 xx 000 0 ara d
040 _aGCL /
_cGCL
082 0 4 _a723.3
_bع ع
100 1 _aعبداللطيف بن عبدالله دهيش
245 1 0 _aعمارة المسجد الحرام والمسجد النبوى فى العهد السعودى /
_cعبداللطيف بن عبدالله دهيش
260 _aالرياض :
_bمكتبة الملك فهد الوطنية ،
_c1999
300 _a488 ص ؛
_c24 سم
650 0 4 _aالمساجد
650 0 4 _aالمسجد الحرام
650 0 4 _aالعمارة الاسلامية - السعودية
942 _2ddc
_cBK
999 _c6929
_d6929